| 000 | 00696nam a2200193 i 4500 | ||
|---|---|---|---|
| 001 | 156567 | ||
| 003 | ES-MaACL | ||
| 005 | 20230906210437.0 | ||
| 008 | 040802s1862 cu |||| | spa d | ||
| 040 |
_aCAM _bspa _cCAM |
||
| 080 | _a821.134.2(729.1)-31"18" | ||
| 100 | 1 |
_aKauffmann, M. _9128429 |
|
| 245 | 1 | 4 |
_aLos misterios de la Edad Media / _cpor M. Kauffmann. |
| 260 |
_aHabana : _b[s.n.], _c1862 ( _fImprenta del Diario de la Marina) |
||
| 300 |
_a468 p. ; _c21 cm. |
||
| 530 | _aDisponible en formato digital. | ||
| 852 |
_aES-MaACL _jB-5684 _z-- Sin enc. _z-- Legado de M. de la Fuente |
||
| 856 |
_uhttp://bdh-rd.bne.es/viewer.vm?id=0000147910&page=1 _zBiblioteca Digital Hispánica |
||
| 999 |
_c156567 _d156567 |
||